Balance energético nacional 2001
| Main Author: | |
|---|---|
| Format: | Section = Libro |
| Language: | Undetermined Spanish |
| Published: |
Managua
Centro Nicaragüense de Escritores
2002
|
| Subjects: |
| LEADER | 00631nam a2200205Ia 4500 | ||
|---|---|---|---|
| 008 | 240829s9999 xx 000 0 und d | ||
| 040 | |a BIBLIOTECA-RUSB/ Ref 621.37 N583 | ||
| 041 | |a spa | ||
| 082 | |a Ref 621.37 N583 | ||
| 100 | 1 | |a Nicaragua. Comisión Nacional de Energía | |
| 245 | 1 | 0 | |a Balance energético nacional 2001 |
| 260 | |a Managua |b Centro Nicaragüense de Escritores |c 2002 | ||
| 300 | |a 36 p. :il. | ||
| 650 | 7 | |a MEDICIONES DE CANTIDADES DE ELECTRICAS | |
| 650 | 7 | |b BALANCE ENERGETICO - NICARAGUA | |
| 650 | 7 | |c CONSUMO DE ENERGIA | |
| 650 | 7 | |d FACTORES DE CONVERSION | |
| 942 | |c BK |2 ddc | ||
| 991 | |a TEXTO | ||
| 999 | |c 6123 | ||